Religious ethics in Africa / (Record no. 13378)

MARC details
000 -LEADER
fixed length control field 01268cam a2200337 a 4500
001 - CONTROL NUMBER
control field 13378
005 - DATE AND TIME OF LATEST TRANSACTION
control field 20251010113027.0
008 - FIXED-LENGTH DATA ELEMENTS--GENERAL INFORMATION
fixed length control field 981210s1998 ug b 001 0 eng
010 ## - LIBRARY OF CONGRESS CONTROL NUMBER
LC control number 98982640
020 ## - INTERNATIONAL STANDARD BOOK NUMBER
International Standard Book Number 9970021338
020 ## - INTERNATIONAL STANDARD BOOK NUMBER
International Standard Book Number 9789970021338
035 ## - SYSTEM CONTROL NUMBER
System control number 198946
035 ## - SYSTEM CONTROL NUMBER
System control number (DLC) 98982640
040 ## - CATALOGING SOURCE
Original cataloging agency DLC
Transcribing agency DLC
Modifying agency DLC
042 ## - AUTHENTICATION CODE
Authentication code lcode
043 ## - GEOGRAPHIC AREA CODE
Geographic area code f------
050 00 - LIBRARY OF CONGRESS CALL NUMBER
Classification number BJ1188
Item number .K37 1998
082 00 - DEWEY DECIMAL CLASSIFICATION NUMBER
Classification number 291.5
Edition number 21
Item number KAS
100 1# - MAIN ENTRY--PERSONAL NAME
Personal name Kasenene, Peter.
9 (RLIN) 25995
245 10 - TITLE STATEMENT
Title Religious ethics in Africa /
Statement of responsibility, etc Peter Kasenene.
260 ## - PUBLICATION, DISTRIBUTION, ETC. (IMPRINT)
Place of publication, distribution, etc Kampala, Uganda :
Name of publisher, distributor, etc Fountain Publishers,
Date of publication, distribution, etc 1998.
300 ## - PHYSICAL DESCRIPTION
Extent iv, 110 p. ;
Dimensions 21 cm.
504 ## - BIBLIOGRAPHY, ETC. NOTE
Bibliography, etc Includes bibliographical references (p. 106-107) and index.
505 ## - FORMATTED CONTENTS NOTE
Formatted contents note Introduction --Ethical Theory --Religion, Ethics and Morality --Preservation and Promotion of One's Life --Respect for other people's lives --Sex Outside Marriage --Marriage --Family Life --Conclusion
650 00 - SUBJECT ADDED ENTRY--TOPICAL TERM
Topical term or geographic name as entry element Ethics
Geographic subdivision Africa.
9 (RLIN) 14085
650 #0 - SUBJECT ADDED ENTRY--TOPICAL TERM
Topical term or geographic name as entry element Religious ethics
Form subdivision Comparative studies.
9 (RLIN) 25996
906 ## - LOCAL DATA ELEMENT F, LDF (RLIN)
a 7
b cbc
c origode
d 3
e ncip
f 19
g y-gencatlg
942 ## - ADDED ENTRY ELEMENTS (KOHA)
Source of classification or shelving scheme Dewey Decimal Classification
Item type Books
Holdings
Withdrawn status Lost status Source of classification or shelving scheme Damaged status Not for loan Home library Current library Shelving location Date acquired Source of acquisition Total Checkouts Full call number Barcode Date last seen Copy number Price effective from Koha item type Public note
    Dewey Decimal Classification     Main Library Main Library Reserve Book Section 10/10/2025 Donation   291.5 KAS bsu25100206 10/10/2025 001 10/10/2025 Books Material available in hard copy

© 2017 Bishop Stuart University Library. All Rights Reserved.
Kakoba Campus, Plot 150 Buremba Road | P.O. Box 9, Mbarara, UGANDA | Tel: +256-772-463068
Email: library@bsu.ac.ug